| 000 | 01010nam a22002295i 4500 | ||
|---|---|---|---|
| 001 | 156182 | ||
| 003 | ES-MaACL | ||
| 005 | 20230906210335.0 | ||
| 008 | 020409s1898 sp |||| | spa d | ||
| 040 |
_aCAM _bspa _cCAM |
||
| 100 | 1 |
_aJackson Veyán, José. _965824 |
|
| 245 | 1 | 3 |
_aEl paraiso perdido _b: bufonada cómico-lírica en un acto y tres cuadros / _coriginal de José Jackson Veyán y Gabriel Merino; música de Rubio y Estellés. |
| 260 |
_aMadrid : _b[s.n.], _c1898 ( _fR. Velasco imp.) |
||
| 300 |
_a40, [3] p. ; _c20 cm. |
||
| 500 | 1 | _aRepresentada en el Teatro Eldorado de Madrid, la noche del 17 de junio de 1898. | |
| 596 | 1 | _aEn verso de la antep. consta: "... galerías de Fiscowich y Arregui y Aruej ..." | |
| 700 | 1 | 1 |
_aMerino, Gabriel. _9129854 |
| 700 | 1 | 1 |
_aRubio, Angel, _emús. _9100337 |
| 700 | 1 | 1 |
_aEstellés, Ramón, _emús. _9126973 |
| 752 |
_aEspaña - _dMadrid |
||
| 852 |
_aES-MaACL _jF-4096(2) _z-- Enc. hol. _q-- Falto de la cub. original _z-- Enc. en un vol. facticio |
||
| 999 |
_c156182 _d156182 |
||